000 00313 a2200145 4500
001 147725
040 _cEscola São Tomás de Aquino
100 _aMACHADO, Ana Maria
240 1 0 _aMenino Poti
_lpor
245 1 0 _aMenino Poti
300 _a24
362 0 _a2011
697 _a*LITERATURA INFANTIL
942 _cBK
999 _c147725
_d147725